Lecture notes. (رقم التسجيلة. 32540)
[ عرض عادي ]
| 000 -الفاتح | |
|---|---|
| حقل البيانات ثابتة الطول | 01156cam a22003618a 4500 |
| 001 - رقم الضبط | |
| رقم الضبط | 16701103 |
| 003 - محدد رقم الضبط | |
| رقم الضبط | OSt |
| 005 - وقت وتاريخ اخر تعامل مع التسجيلة | |
| رقم الضبط | 20150408114157.0 |
| 008 - عناصر البيانات ثابتة الطول - معلومات عامة | |
| حقل البيانات ثابتة الطول | 110318s2011 enk b 001 0 eng |
| 010 ## - رقم ضبط مكتبة الكونجرس | |
| رقم ضبط مكتبة الكونجرس | 2011012045 |
| 020 ## - الرقم الدولى المعيارى للكتب | |
| الرقم الدولى المعيارى للكتاب | 9781444334654 (pbk. : alk. paper) |
| 020 ## - الرقم الدولى المعيارى للكتب | |
| الرقم الدولى المعيارى للكتاب | 1444334654 (pbk. : alk. paper) |
| 035 ## - رقم ضبط النظام | |
| رقم ضبط النظام | (DNLM)101556749 |
| 040 ## - مصدر الفهرسة | |
| وكالة الفهرسة الأصلية | DNLM/DLC |
| وكالة النسخ | DLC |
| 042 ## - رمز التحقق | |
| رمز التحقق | pcc |
| 050 00 - رقم طلب مكتبة الكونجرس | |
| رقم التصنيف | QR46 |
| رقم المادة | .G49 2011 |
| 060 10 - رقم الطلب بالمكتبة الطبية الوطنية | |
| رقم التصنيف | QW 4 |
| 082 00 - رقم تصنيف ديوى العشرى | |
| رقم التصنيف | 616.9041 |
| رقم الطبعة | 22 |
| رقم المادة | LEN |
| 245 00 - بيان العنوان | |
| العنوان | Lecture notes. |
| اسم جزء/قسم العمل | Medical microbiology and infection / |
| بيان المسئوليه,etc | Tom Elliott ... [et al.]. |
| 246 1# - العنوان الموازى | |
| عنوان صحيح/عنوان مختصر | Medical microbiology and infection |
| 250 ## - بيان الطبعة | |
| بيان الطبعة | 5th ed. |
| 260 ## - PUBLICATION, DISTRIBUTION, ETC. (IMPRINT) | |
| مكان الناشر او الموزع | Chichester, West Sussex, UK : |
| اسم الناشر او الموزع | Wiley-Blackwell, |
| تاريخ النشر أو التوزيع | 2011. |
| 263 ## - تاريخ النشر المتوقع | |
| تاريخ النشر المتوقع | 1110 |
| 300 ## - الوصف المادى | |
| التعداد | p. ; |
| أبعاد الوعاء | cm. |
| 504 ## - تبصرة ببليوجرافية | |
| تبصرة ببليوجرافية,الخ | Includes bibliographical references and index. |
| 650 #0 - المدخل الاضافى بالموضوع-مصطلح موضوعى | |
| مصطلح موضوعي أو اسم جغرافي كعنصر مدخل | Medical microbiology |
| التقسيم الفرعي الشكلي | Outlines, syllabi, etc. |
| 9 (RLIN) | 6581 |
| 650 12 - المدخل الاضافى بالموضوع-مصطلح موضوعى | |
| مصطلح موضوعي أو اسم جغرافي كعنصر مدخل | Microbiology. |
| 650 22 - المدخل الاضافى بالموضوع-مصطلح موضوعى | |
| مصطلح موضوعي أو اسم جغرافي كعنصر مدخل | Communicable Diseases |
| التقسيم الفرعي العام | microbiology. |
| 9 (RLIN) | 17632 |
| 700 1# - المدخل الاضافى - اسم شخصى | |
| الإسم الشخصى | Elliott, Tom |
| الشكل الأكمل للاسم | (Thomas Stuart Jackson) |
| 9 (RLIN) | 40853 |
| 906 ## - عنصر بيانات محلى F, LDF (RLIN) | |
| a | 7 |
| b | cbc |
| c | orignew |
| d | 1 |
| e | ecip |
| f | 20 |
| g | y-gencatlg |
| 942 ## - عناصر المدخل الإضافي( كوها) | |
| مصدر التصنيف او مخطط الترفيف | Dewey Decimal Classification |
| Koha [default] item type | كتاب |
| حالة الفقد | نموذج السعر الفعال | حالة تلف | ليس للاعارة | رقم الطلب | تاريخ الاكتساب | الموقع الحالي | الباركود | الفرع الرئيسي | Date last seen | نوع المادة فى نظام كوها | مصدر التصنيف او خطة الترفيف | Total Checkouts | Date last checked out |
|---|---|---|---|---|---|---|---|---|---|---|---|---|---|
| 2013-12-12 | 616.9041 LEN | 2013-12-12 | المكتبة المركزية بالمجمعة (CL) | 00452613 | المكتبة المركزية بالمجمعة (CL) | 2013-12-12 | كتاب | Dewey Decimal Classification | |||||
| 2013-12-12 | 616.9041 LEN | 2013-12-12 | المكتبة المركزية بالمجمعة (CL) | 00452614 | المكتبة المركزية بالمجمعة (CL) | 2013-12-12 | كتاب | Dewey Decimal Classification | |||||
| 2013-12-12 | 616.9041 LEN | 2013-12-12 | المكتبة المركزية بالمجمعة (CL) | 00452615 | المكتبة المركزية بالمجمعة (CL) | 2013-12-12 | كتاب | Dewey Decimal Classification | |||||
| 2013-12-13 | 616.9041 LEN | 2013-12-13 | قسم الاجراءات الفنية (IC) | 00453198 | قسم الاجراءات الفنية (IC) | 2013-12-13 | كتاب | Dewey Decimal Classification | |||||
| 2013-12-13 | 616.9041 LEN | 2013-12-13 | قسم الاجراءات الفنية (IC) | 00453200 | قسم الاجراءات الفنية (IC) | 2013-12-13 | كتاب | Dewey Decimal Classification | |||||
| 2013-12-13 | 616.9041 LEN | 2013-12-13 | مكتبة كلية التمريض - طالبات (CNF) | 00453199 | مكتبة كلية التمريض - طالبات (CNF) | 2013-12-13 | كتاب | Dewey Decimal Classification | |||||
| 2013-12-13 | 616.9041 LEN | 2013-12-13 | مكتبة كلية التمريض - طلاب (CNM) | 00453195 | مكتبة كلية التمريض - طلاب (CNM) | 2013-12-13 | كتاب | Dewey Decimal Classification | |||||
| 2013-12-13 | 616.9041 LEN | 2013-12-13 | مكتبة كلية التمريض - طلاب (CNM) | 00453196 | مكتبة كلية التمريض - طلاب (CNM) | 2013-12-13 | كتاب | Dewey Decimal Classification | |||||
| 2013-12-13 | 616.9041 LEN | 2013-12-13 | مكتبة كلية التمريض - طلاب (CNM) | 00453197 | مكتبة كلية التمريض - طلاب (CNM) | 2013-12-13 | كتاب | Dewey Decimal Classification | |||||
| 2013-12-12 | 616.9041 LEN | 2013-12-12 | مكتبة مجمع الكليات بالزلفى - طلاب (SZM) | 00452616 | مكتبة مجمع الكليات بالزلفى - طلاب (SZM) | 2013-12-12 | كتاب | Dewey Decimal Classification | |||||
| 2013-12-12 | 616.9041 LEN | 2013-12-12 | مكتبة مجمع الكليات بالزلفى - طلاب (SZM) | 00452617 | مكتبة مجمع الكليات بالزلفى - طلاب (SZM) | 2017-05-23 | كتاب | Dewey Decimal Classification | 1 | 2017-03-28 | |||
| 2013-12-12 | 616.9041 LEN | 2013-12-12 | مكتبة مجمع الكليات بالزلفى - طلاب (SZM) | 00452618 | مكتبة مجمع الكليات بالزلفى - طلاب (SZM) | 2017-05-23 | كتاب | Dewey Decimal Classification | 1 | 2017-03-28 |
